Optimalizácia zberu a spracovania dát pre plynovú chromatografiu

Guardado en:
Detalles Bibliográficos
Autor principal: Ďurovec, Ivan
Formato: Libro
Lenguaje:eslovaco
Publicado: Bratislava STU FCHPT 2007
Acceso en línea:Ver en el OPAC
Etiquetas: Agregar Etiqueta
Sin Etiquetas, Sea el primero en etiquetar este registro!

MARC

LEADER 00000nam a2200000 a 4500
005 20260127134400.0
008 060607 2006 xo 000 0 slo d
035 |a vtls009001892 
039 9 |y 200706250944  |z mschk03 
040 |a STUSCHK1  |b slo  |c STUSCHK1  |e AACR2 
100 1 |a Ďurovec, Ivan 
245 1 |a Optimalizácia zberu a spracovania dát pre plynovú chromatografiu  |c Ivan Ďurovec 
260 |a Bratislava  |b STU FCHPT  |c 2007 
300 |a 95 s.  |b tab.,grafy,lit.  |c 29 cm 
500 |a Obháj.: 4.6. 2006 
500 |a Špec.: Analytická chémia 
500 |a Ústav analytickej chémie 
910 |a SCHK95 
999 |c 11409  |d 11409